[Event "FICGS W-ch st2 g03 email"]
[Site "FICGS email"]
[Date "2020.10.07"]
[Round "1"]
[White "Schroeder, Christoph"]
[Black "Vasquez, Fernando Jose Pinto"]
[Result "1-0"]
[WhiteElo "2264"]
[BlackElo "2117"]
[PlyCount "133"]
[EventDate "2020.??.??"]
[EventType "tourn (corr)"]
[EventRounds "8"]
[SourceTitle "Corr 2022"]
[Source "ChessBase"]
[SourceDate "2021.10.24"]
[SourceVersion "1"]
[SourceVersionDate "2021.10.24"]
[SourceQuality "1"]

1. e4 e5 2. Bc4 Nf6 3. d4 exd4 4. Nf3 Nxe4 5. Qxd4 Nf6 6. Nc3 Be7 7. Bg5 0-0 8. 0-0-0 h6 9. Qh4 hxg5 10. Nxg5 d6 11. Bd3 Re8 12. Rhe1 Bg4 13. Nce4 Bf5 14. Nxd6 Nh7 15. Ndxf7 Bxg5+ 16. Nxg5 Bxd3 17. Rxe8+ Qxe8 18. Nxh7 Bxh7 19. Rd8 Nc6 20. Rxe8+ Rxe8 21. Qc4+ Kh8 22. b3 Bg6 23. f3 Kh7 24. h4 Re1+ 25. Kd2 Re7 26. h5 Bf5 27. Kc1 Be6 28. Qb5 Bc8 29. Qd5 a6 30. g4 Bd7 31. Kb2 Kh8 32. a4 Be6 33. Qg5 Bd7 34. f4 Rf7 35. Qd5 Be8 36. Qe6 Re7 37. Qc8 Nb4 38. Qxb7 a5 39. Qf3 c6 40. g5 Nd5 41. g6 Bd7 42. Qf2 Bg4 43. f5 Bxh5 44. Qc5 Re8 45. Qxc6 Nf6 46. Qc7 Ra8 47. Qb7 Re8 48. Qa7 Re5 49. Qc7 Re8 50. Qxa5 Bf3 51. Qc5 Bb7 52. a5 Rc8 53. Qe5 Bd5 54. a6 Be4 55. c4 Re8 56. Qc5 Ra8 57. b4 Ng4 58. b5 Re8 59. a7 Ne5 60. Qd4 Nd3+ 61. Ka3 Bxf5 62. b6 Ne1 63. Qh4+ Kg8 64. b7 Re3+ 65. Kb2 Re2+ 66. Kc3 Bxg6 67. a8Q+ 1-0

[Event "FICGS class A 000234 email"]
[Site "FICGS email"]
[Date "2020.07.25"]
[Round "1"]
[White "Bhaskar, Adithya"]
[Black "Vasquez, Fernando Jose Pinto"]
[Result "1/2-1/2"]
[WhiteElo "2000"]
[BlackElo "2140"]
[PlyCount "97"]
[EventDate "2020.??.??"]
[EventType "tourn (corr)"]
[EventRounds "6"]
[SourceTitle "Corr 2022"]
[Source "ChessBase"]
[SourceDate "2021.10.24"]
[SourceVersion "1"]
[SourceVersionDate "2021.10.24"]
[SourceQuality "1"]

1. d4 Nf6 2. c4 e6 3. Nf3 b6 4. g3 Ba6 5. b3 Bb4+ 6. Bd2 Be7 7. Bg2 c6 8. Bc3 0-0 9. Nbd2 d5 10. Ne5 Qc7 11. 0-0 Nbd7 12. Nxd7 Nxd7 13. Rc1 Rad8 14. Qc2 b5 15. c5 b4 16. Bxb4 Rb8 17. Bc3 Bxe2 18. Rfe1 Bg4 19. b4 Bf5 20. Qa4 Bf6 21. Nf3 Be4 22. Qd1 Rfe8 23. Bf1 a6 24. a4 Qb7 25. h4 h6 26. Ne5 Nxe5 27. dxe5 Be7 28. Rxe4 dxe4 29. a5 Red8 30. Qg4 e3 31. fxe3 g6 32. h5 Bg5 33. Re1 gxh5 34. Qxh5 Rbc8 35. Bc4 Ra8 36. Kf2 Rd7 37. Kg2 Kg7 38. Qf3 Rad8 39. Qe2 Ra8 40. Rb1 Kh8 41. Bd4 Kg8 42. Kh3 Kh7 43. Bd3+ Kg7 44. Qg4 Rad8 45. Qe4 Rh8 46. Kg4 Rd5 47. Bc3 Rhd8 48. Be2 R5d7 49. Rf1 1/2-1/2

[Event "FICGS W-ch st1 gN 01 email"]
[Site "FICGS email"]
[Date "2020.03.01"]
[Round "1"]
[White "Walton, John"]
[Black "Vasquez, Fernando Jose Pinto"]
[Result "1/2-1/2"]
[WhiteElo "2114"]
[BlackElo "2177"]
[PlyCount "88"]
[EventDate "2020.??.??"]
[EventType "tourn (corr)"]
[EventRounds "6"]
[SourceTitle "Corr 2022"]
[Source "ChessBase"]
[SourceDate "2021.10.24"]
[SourceVersion "1"]
[SourceVersionDate "2021.10.24"]
[SourceQuality "1"]

1. d4 Nf6 2. c4 e6 3. g3 d5 4. Nf3 Nc6 5. Bg2 dxc4 6. Qa4 Bb4+ 7. Bd2 Nd5 8. Bxb4 Ndxb4 9. 0-0 Rb8 10. Na3 0-0 11. Qb5 b6 12. Qxc4 a5 13. Qc3 Bb7 14. Nc4 Na7 15. a3 Nb5 16. Qd2 Nc6 17. Rfd1 Ne7 18. Rac1 Nd6 19. Ne3 Rc8 20. Ne5 Qe8 21. Qc2 Bxg2 22. Nxg2 f6 23. Nc6 Rf7 24. h4 Nxc6 25. Qxc6 Qxc6 26. Rxc6 Rd7 27. Rdc1 Kf7 28. e3 e5 29. dxe5 fxe5 30. Ne1 e4 31. Kf1 h6 32. Ke2 a4 33. g4 b5 34. R1c5 Nc4 35. Rxb5 Rd2+ 36. Kf1 Nxb2 37. Rc2 Rxc2 38. Nxc2 Nd3 39. Nd4 Rf8 40. Nf5 Kg6 41. Ke2 Nc1+ 42. Kd2 Nd3 43. f4 Nf2 44. Ng3 Nxg4 1/2-1/2

[Event "FICGS rapid M 000111 email"]
[Site "FICGS email"]
[Date "2020.01.03"]
[Round "1"]
[White "Vasquez, Fernando Jose Pinto"]
[Black "Farnik, Kym"]
[Result "0-1"]
[WhiteElo "2177"]
[BlackElo "2176"]
[PlyCount "98"]
[EventDate "2020.??.??"]
[EventType "tourn (rapid)"]
[EventRounds "6"]
[SourceTitle "Corr 2022"]
[Source "ChessBase"]
[SourceDate "2021.10.24"]
[SourceVersion "1"]
[SourceVersionDate "2021.10.24"]
[SourceQuality "1"]

1. e4 c5 2. c3 Nf6 3. e5 Nd5 4. Nf3 d6 5. d4 cxd4 6. cxd4 Nc6 7. Bc4 Nb6 8. Bb5 dxe5 9. Nxe5 Bd7 10. Bxc6 Bxc6 11. 0-0 e6 12. Nc3 Bb4 13. Qg4 0-0 14. Re1 Re8 15. Nxc6 bxc6 16. a3 Bf8 17. Bg5 Qd7 18. Bf6 Qb7 19. Rab1 Kh8 20. Bh4 Rac8 21. Qf3 h6 22. Bg3 Nc4 23. Red1 a5 24. Qe2 Nd6 25. Be5 Nf5 26. g4 Nh4 27. Bg3 Ng6 28. h4 Be7 29. h5 Nf8 30. Ne4 Nh7 31. Be5 f6 32. Bd6 Rcd8 33. Bg3 a4 34. Bf4 Qa8 35. Qc2 f5 36. Nc5 Bxc5 37. dxc5 e5 38. Bg3 Ng5 39. Qxf5 Rf8 40. Qg6 Rf6 41. Qc2 Rdf8 42. Rd7 Qe8 43. Rbd1 e4 44. R7d6 Rf3 45. Kg2 Qe7 46. Kh2 Qf7 47. Qe2 Rxg3 48. Kxg3 Qb3+ 49. R6d3 exd3 0-1

[Event "FICGS class A 000222 email"]
[Site "FICGS email"]
[Date "2019.12.04"]
[Round "1"]
[White "Vasquez, Fernando Jose Pinto"]
[Black "Slawomir, Weglicki"]
[Result "1/2-1/2"]
[WhiteElo "2143"]
[BlackElo "2100"]
[PlyCount "86"]
[EventDate "2019.??.??"]
[EventType "tourn (corr)"]
[EventRounds "6"]
[SourceTitle "Corr 2022"]
[Source "ChessBase"]
[SourceDate "2021.10.24"]
[SourceVersion "1"]
[SourceVersionDate "2021.10.24"]
[SourceQuality "1"]

1. e4 c5 2. c3 Nf6 3. e5 Nd5 4. d4 cxd4 5. Nf3 d6 6. cxd4 dxe5 7. dxe5 Nc6 8. Bc4 Ndb4 9. Qb3 e6 10. Bg5 Qc7 11. Nc3 a6 12. Be2 Nxe5 13. Rd1 Nbc6 14. 0-0 Be7 15. Bxe7 Qxe7 16. Nxe5 Nxe5 17. Rfe1 0-0 18. Qb6 Nd7 19. Qc7 Qd8 20. Qd6 b5 21. Bf3 Ra7 22. Ne4 a5 23. Rc1 Ra6 24. Qd4 Qb6 25. Red1 Qxd4 26. Rxd4 Nf6 27. Nxf6+ gxf6 28. Be2 Rb6 29. Rc5 e5 30. Rd2 Ba6 31. b3 Kg7 32. Bg4 Rbb8 33. h3 Bc8 34. Be2 Be6 35. Rxb5 Rxb5 36. Bxb5 Rc8 37. Re2 Rc5 38. Bd3 Rc3 39. Bb5 Kh6 40. f3 Kg5 41. Kf2 h5 42. Re4 Rc2+ 43. Re2 Rc8 1/2-1/2

[Event "FICGS class A 000221 email"]
[Site "FICGS email"]
[Date "2019.11.21"]
[Round "1"]
[White "Brotherton, Trevor S"]
[Black "Vasquez, Fernando Jose Pinto"]
[Result "0-1"]
[WhiteElo "2040"]
[BlackElo "2143"]
[PlyCount "100"]
[EventDate "2019.??.??"]
[EventType "tourn (corr)"]
[EventRounds "6"]
[SourceTitle "Corr 2022"]
[Source "ChessBase"]
[SourceDate "2021.10.24"]
[SourceVersion "1"]
[SourceVersionDate "2021.10.24"]
[SourceQuality "1"]

1. b4 e5 2. Bb2 Bxb4 3. Bxe5 Nf6 4. c4 Nc6 5. Bb2 d5 6. cxd5 Qxd5 7. Nc3 Qf5 8. Nf3 0-0 9. Rc1 Rd8 10. e3 Ne5 11. a3 Ba5 12. Nxe5 Qxe5 13. Be2 Qg5 14. Bf3 c6 15. 0-0 Rd3 16. Rc2 Bf5 17. Ne2 Ne4 18. Bxe4 Bxe4 19. Ng3 Bd5 20. Qe2 Rb3 21. f4 Qg6 22. f5 Qh6 23. Qg4 f6 24. e4 Bb6+ 25. Kh1 Bc7 26. Rc3 Rxc3 27. Bxc3 Bc4 28. Rf2 b5 29. e5 Bxe5 30. Bxe5 fxe5 31. f6 Rd8 32. fxg7 Qxg7 33. Qh4 Rd4 34. Ne4 Kh8 35. h3 a5 36. Kh2 Bf7 37. Rf3 Bg6 38. d3 b4 39. Qg4 Qe7 40. axb4 axb4 41. Qc8+ Rd8 42. Qxc6 Bf7 43. Qb5 Bd5 44. Rf2 b3 45. Qa5 Bg8 46. Qc3 Bd5 47. Nf6 Be6 48. Nh5 Qd6 49. Rf3 Rc8 50. Ng3 Rxc3 0-1

[Event "FICGS class A 000216 email"]
[Site "FICGS email"]
[Date "2019.08.05"]
[Round "1"]
[White "Vasquez, Fernando Jose Pinto"]
[Black "Sternik, Ryszard"]
[Result "1/2-1/2"]
[WhiteElo "2082"]
[BlackElo "2082"]
[PlyCount "72"]
[EventDate "2019.??.??"]
[EventType "tourn (corr)"]
[EventRounds "6"]
[SourceTitle "Corr 2022"]
[Source "ChessBase"]
[SourceDate "2021.10.24"]
[SourceVersion "1"]
[SourceVersionDate "2021.10.24"]
[SourceQuality "1"]

1. e4 c5 2. c3 d5 3. exd5 Qxd5 4. d4 Nf6 5. Nf3 e6 6. Be2 cxd4 7. cxd4 Qd8 8. 0-0 Bd6 9. Nc3 0-0 10. Bg5 h6 11. Bh4 Nc6 12. Qd2 Be7 13. Rfd1 b6 14. Ne5 Bb7 15. Bf3 Nd5 16. Nxd5 Bxh4 17. Nb4 Nxb4 18. Bxb7 Rb8 19. Bf3 Qd6 20. Nc4 Qe7 21. Qe2 Qc7 22. a3 Rbc8 23. Ne5 Nd5 24. Bxd5 exd5 25. Qf3 Qd6 26. g3 Bf6 27. Ng4 Rfe8 28. Nxf6+ Qxf6 29. Qxf6 gxf6 30. Rac1 Kg7 31. Kg2 Rxc1 32. Rxc1 Re2 33. Rc7 Rxb2 34. Rxa7 Rd2 35. Rb7 Rxd4 36. Rxb6 Ra4 1/2-1/2

[Event "FICGS rapid B 000315 email"]
[Site "FICGS email"]
[Date "2019.03.12"]
[Round "1"]
[White "Sujas, Abdulsamad"]
[Black "Vasquez, Fernando Jose Pinto"]
[Result "0-1"]
[WhiteElo "1700"]
[BlackElo "2037"]
[PlyCount "20"]
[EventDate "2019.??.??"]
[EventType "tourn (rapid)"]
[EventRounds "6"]
[SourceTitle "Corr 2022"]
[Source "ChessBase"]
[SourceDate "2021.10.24"]
[SourceVersion "1"]
[SourceVersionDate "2021.10.24"]
[SourceQuality "1"]

1. d4 Nf6 2. c4 e6 3. Nc3 Bb4 4. Bg5 c5 5. e3 Qa5 6. Bxf6 Bxc3+ 7. Ke2 gxf6 8. bxc3 Qxc3 9. Rc1 Qa3 10. Qc2 cxd4 0-1

[Event "FICGS class C 000301 email"]
[Site "FICGS email"]
[Date "2019.03.05"]
[Round "1"]
[White "Vasquez, Fernando Jose Pinto"]
[Black "Sirk, Matija"]
[Result "1-0"]
[WhiteElo "2037"]
[BlackElo "2134"]
[PlyCount "27"]
[EventDate "2019.??.??"]
[EventType "tourn (corr)"]
[EventRounds "1"]
[SourceTitle "Corr 2022"]
[Source "ChessBase"]
[SourceDate "2021.10.24"]
[SourceVersion "1"]
[SourceVersionDate "2021.10.24"]
[SourceQuality "1"]

1. e4 c5 2. c3 Nf6 3. e5 Nd5 4. Nf3 Nc6 5. Bc4 Nb6 6. Bb3 d5 7. exd6 Qxd6 8. 0-0 Be6 9. Bxe6 Qxe6 10. a4 Qd7 11. a5 Nd5 12. d4 cxd4 13. Nxd4 e6 14. a6 1-0

[Event "FICGS rapid A 000234 email"]
[Site "FICGS email"]
[Date "2019.03.02"]
[Round "1"]
[White "Mag, James"]
[Black "Vasquez, Fernando Jose Pinto"]
[Result "1/2-1/2"]
[WhiteElo "2047"]
[BlackElo "2037"]
[PlyCount "135"]
[EventDate "2019.??.??"]
[EventType "tourn (rapid)"]
[EventRounds "6"]
[SourceTitle "Corr 2022"]
[Source "ChessBase"]
[SourceDate "2021.10.24"]
[SourceVersion "1"]
[SourceVersionDate "2021.10.24"]
[SourceQuality "1"]

1. e4 e5 2. Nf3 Nf6 3. Nxe5 d6 4. Nf3 Nxe4 5. d4 d5 6. Bd3 Nc6 7. 0-0 Be7 8. Nbd2 Nxd2 9. Bxd2 Bg4 10. c3 0-0 11. h3 Bh5 12. g3 Qd7 13. Kg2 Bg6 14. Bxg6 fxg6 15. Qc2 Rf5 16. Rae1 a5 17. Bc1 Raf8 18. Nh2 Bd6 19. f4 Ne7 20. Nf3 b6 21. Qe2 R5f6 22. Be3 a4 23. Bf2 Qc6 24. Qd3 Qb7 25. Re2 h6 26. Rfe1 R6f7 27. h4 Qc8 28. Re6 Qd7 29. Qe2 Ra8 30. Kg1 Raf8 31. b3 axb3 32. axb3 Ra8 33. Kg2 Ra3 34. c4 Bb4 35. Rc1 Rf6 36. Re3 Nf5 37. Rd3 Qe6 38. Qxe6+ Rxe6 39. Ne5 Ne7 40. Rb1 Bd6 41. Rbd1 Bb4 42. Rb1 Kh7 43. Rb2 Rf6 44. Rf3 h5 45. Re3 Nf5 46. Ree2 dxc4 47. bxc4 Bc3 48. Ra2 Rxa2 49. Rxa2 Nxd4 50. Ra8 Rf5 51. Re8 Nb3 52. Nf3 Bf6 53. Rc8 Ra5 54. Rxc7 Ra2 55. Kg1 Ra1+ 56. Kh2 Ra2 57. Kg1 Ra1+ 58. Kg2 Ra2 59. Ng5+ Bxg5 60. fxg5 Nd2 61. Bg1 Kg8 62. Rc8+ Kh7 63. Rc7 Kg8 64. c5 bxc5 65. Bxc5 Rc2 66. Bb6 Rxc7 67. Bxc7 Nc4 68. Bb8 1/2-1/2

[Event "FICGS rapid A 000234 email"]
[Site "FICGS email"]
[Date "2019.03.02"]
[Round "1"]
[White "Vasquez, Fernando Jose Pinto"]
[Black "Rita, Giacomo"]
[Result "0-1"]
[WhiteElo "2037"]
[BlackElo "2020"]
[PlyCount "150"]
[EventDate "2019.??.??"]
[EventType "tourn (rapid)"]
[EventRounds "6"]
[SourceTitle "Corr 2022"]
[Source "ChessBase"]
[SourceDate "2021.10.24"]
[SourceVersion "1"]
[SourceVersionDate "2021.10.24"]
[SourceQuality "1"]

1. e4 c5 2. c3 Nf6 3. e5 Nd5 4. d4 cxd4 5. Nf3 d6 6. exd6 e6 7. Nxd4 Bxd6 8. g3 0-0 9. Bg2 Nc6 10. Nxc6 bxc6 11. c4 Ne7 12. 0-0 Rb8 13. Nc3 Qc7 14. Qc2 Be5 15. Rd1 Nf5 16. Qe4 Ba6 17. Re1 Bd4 18. Bf4 Qb6 19. Na4 Bxf2+ 20. Kh1 Qa5 21. Bxb8 Bxe1 22. Qxe1 Qxe1+ 23. Rxe1 Rxb8 24. b3 Rd8 25. Nc5 Bc8 26. Bxc6 Kf8 27. Be4 Nd4 28. Kg2 Ke7 29. Kf2 f5 30. Bg2 g5 31. h3 h6 32. g4 Rf8 33. Kg3 Kf6 34. Kf2 Ke7 35. Kg3 Kf6 36. Rd1 Rd8 37. Bf3 Ke7 38. Kf2 e5 39. gxf5 Bxf5 40. Bg4 Bg6 41. Re1 h5 42. Bf3 Nxf3 43. Kxf3 Bf5 44. Rxe5+ Kf6 45. Re1 Kg6 46. Re7 Bxh3 47. Rxa7 Re8 48. Kf2 h4 49. Ra5 Rf8+ 50. Kg1 Rf1+ 51. Kh2 Bg4 52. Nd3 Bf5 53. Ne5+ Kf6 54. Kg2 Rf4 55. Kh2 g4 56. Nxg4+ Bxg4 57. Ra8 Rf2+ 58. Kg1 Rc2 59. Rf8+ Kg5 60. Rf2 Rc3 61. Kg2 Bf5 62. Kh2 Be4 63. Re2 Bf3 64. Rd2 Rc1 65. Kh3 Rh1+ 66. Rh2 Rxh2+ 67. Kxh2 Kg4 68. a4 Bd1 69. c5 Bxb3 70. a5 Bd5 71. a6 Bc6 72. a7 h3 73. Kg1 Kg3 74. Kf1 h2 75. Ke1 h1Q+ 0-1

[Event "FICGS class C 000263 email"]
[Site "FICGS email"]
[Date "2018.11.10"]
[Round "1"]
[White "Vasquez, Fernando Jose Pinto"]
[Black "Vestenicky, Patrik"]
[Result "1-0"]
[WhiteElo "1941"]
[BlackElo "1838"]
[PlyCount "97"]
[EventDate "2018.??.??"]
[EventType "tourn (corr)"]
[EventRounds "1"]
[SourceTitle "Corr 2022"]
[Source "ChessBase"]
[SourceDate "2021.10.24"]
[SourceVersion "1"]
[SourceVersionDate "2021.10.24"]
[SourceQuality "1"]

1. e4 c5 2. c3 e6 3. Nf3 d5 4. exd5 exd5 5. Bb5+ Nc6 6. 0-0 Nf6 7. d4 Bd6 8. Qa4 Bd7 9. Re1+ Ne4 10. c4 a6 11. Bxc6 bxc6 12. Nc3 0-0 13. Nxe4 dxe4 14. dxc5 Bxc5 15. Rxe4 Qb6 16. Be3 Qxb2 17. Re1 Qb4 18. Qd1 Be6 19. Bxc5 Qxc5 20. Nd4 Bxc4 21. Qc2 Qd5 22. h3 c5 23. Nc6 Qxc6 24. Rxc4 Rae8 25. Rxe8 Rxe8 26. Rxc5 Qe6 27. a3 Qe1+ 28. Kh2 h6 29. Rc6 Re6 30. Rc8+ Re8 31. Rc5 Re5 32. Rc4 Re8 33. Ra4 Re6 34. Qc8+ Kh7 35. Rf4 Qe5 36. g3 Rf6 37. Rxf6 Qxf6 38. Kg2 Qg6 39. Qc4 Qf6 40. Qd3+ Kh8 41. Qc4 Kg8 42. Qc8+ Kh7 43. a4 g6 44. Qc4 Kg7 45. Qc5 h5 46. Qc4 Kf8 47. a5 Qd6 48. h4 Kg7 49. Qc3+ 1-0

[Event "FICGS rapid A 000226 email"]
[Site "FICGS email"]
[Date "2018.11.02"]
[Round "1"]
[White "Faust, Dieter"]
[Black "Vasquez, Fernando Jose Pinto"]
[Result "0-1"]
[WhiteElo "1989"]
[BlackElo "1941"]
[PlyCount "62"]
[EventDate "2018.??.??"]
[EventType "tourn (rapid)"]
[EventRounds "6"]
[SourceTitle "Corr 2022"]
[Source "ChessBase"]
[SourceDate "2021.10.24"]
[SourceVersion "1"]
[SourceVersionDate "2021.10.24"]
[SourceQuality "1"]

1. d4 Nf6 2. Nf3 e6 3. c4 d5 4. g3 Be7 5. Bg2 0-0 6. 0-0 dxc4 7. Qc2 a6 8. a4 Nc6 9. Qxc4 Qd5 10. Qd3 Qf5 11. Qc4 Na5 12. Qa2 c5 13. dxc5 Bxc5 14. Bd2 Nc6 15. Nh4 Qg4 16. Bf3 Qh3 17. Bg2 Qg4 18. Bf3 Qd4 19. Bxc6 bxc6 20. Be3 Qd6 21. Bxc5 Qxc5 22. Na3 Rb8 23. Rac1 Qh5 24. b3 e5 25. Nc4 Nd5 26. Ng2 Bh3 27. Rfe1 Bxg2 28. Kxg2 e4 29. Qc2 f5 30. Nd6 Rf6 31. Qxc6 f4 0-1

[Event "FICGS rapid A 000226 email"]
[Site "FICGS email"]
[Date "2018.11.02"]
[Round "1"]
[White "Vasquez, Fernando Jose Pinto"]
[Black "Domingo Gadea, Jordi"]
[Result "1-0"]
[WhiteElo "1941"]
[BlackElo "2012"]
[PlyCount "79"]
[EventDate "2018.??.??"]
[EventType "tourn (rapid)"]
[EventRounds "6"]
[SourceTitle "Corr 2022"]
[Source "ChessBase"]
[SourceDate "2021.10.24"]
[SourceVersion "1"]
[SourceVersionDate "2021.10.24"]
[SourceQuality "1"]

1. e4 e5 2. Nf3 d6 3. d4 Nd7 4. Bc4 c6 5. 0-0 Be7 6. dxe5 dxe5 7. Ng5 Bxg5 8. Qh5 Qe7 9. Qxg5 Qxg5 10. Bxg5 Ngf6 11. f3 Nf8 12. Rd1 Be6 13. Bf1 N8d7 14. a4 h6 15. Be3 Ke7 16. Rd2 Rhd8 17. a5 b5 18. Na3 Rdc8 19. Rad1 Rab8 20. h3 Rc7 21. b3 Kf8 22. Kh2 Ke7 23. g4 g5 24. Kg3 Nh7 25. Nb1 f6 26. Nc3 Ke8 27. Rd6 Nhf8 28. Ne2 Kf7 29. Kf2 Ng6 30. Ng3 Nf4 31. a6 h5 32. gxh5 Rh8 33. Nf5 Nxh5 34. c4 b4 35. c5 Nf8 36. Rxe6 Nxe6 37. Bc4 Nhf4 38. Bxf4 gxf4 39. Rd6 Re8 40. Ke2 1-0

[Event "FICGS W-ch st1 g04 email"]
[Site "FICGS email"]
[Date "2018.11.01"]
[Round "1"]
[White "Tanriover, Taner"]
[Black "Vasquez, Fernando Jose Pinto"]
[Result "1-0"]
[WhiteElo "2009"]
[BlackElo "1941"]
[PlyCount "117"]
[EventDate "2018.??.??"]
[EventType "tourn (corr)"]
[EventRounds "8"]
[SourceTitle "Corr 2022"]
[Source "ChessBase"]
[SourceDate "2021.10.24"]
[SourceVersion "1"]
[SourceVersionDate "2021.10.24"]
[SourceQuality "1"]

1. c3 e5 2. d4 exd4 3. cxd4 d5 4. Nc3 Nf6 5. Bg5 Be7 6. e3 c6 7. Bd3 h6 8. Bf4 0-0 9. h3 Bd6 10. Nge2 Ne8 11. 0-0 Bxf4 12. Nxf4 Nd6 13. Qc2 Qg5 14. g4 Rd8 15. f3 b6 16. Rae1 Nd7 17. Qf2 Nf8 18. Qg3 Qe7 19. e4 dxe4 20. fxe4 Ne8 21. Qf2 Rb8 22. a3 Qd7 23. Nfe2 Qc7 24. e5 Be6 25. Qg3 b5 26. Ne4 Bc4 27. g5 hxg5 28. Nxg5 f6 29. Bxc4+ bxc4 30. Ne4 Nh7 31. Nf4 Qf7 32. Qf2 Nf8 33. a4 f5 34. Ng5 Qe7 35. Qh4 g6 36. Re2 Qg7 37. Nfe6 Nxe6 38. Nxe6 Qd7 39. Nf4 Qxd4+ 40. Kh1 c3 41. bxc3 Qxa4 42. Rg2 Ng7 43. Kh2 Rd7 44. Qh6 Qc4 45. Rfg1 Qe4 46. e6 Rdb7 47. Rxg6 Qe5 48. R1g2 Re8 49. h4 c5 50. R6g3 Rd8 51. Ng6 Qxe6 52. Qh8+ Kf7 53. Qxd8 Ne8 54. Nf4 Qe5 55. Qg5 Rb6 56. Qg8+ Ke7 57. Re3 Qxe3 58. Nd5+ Kd7 59. Qf7+ 1-0

[Event "FICGS W-ch st1 g04 email"]
[Site "FICGS email"]
[Date "2018.11.01"]
[Round "1"]
[White "Van Dijk, Erik"]
[Black "Vasquez, Fernando Jose Pinto"]
[Result "1/2-1/2"]
[WhiteElo "2097"]
[BlackElo "1941"]
[PlyCount "73"]
[EventDate "2018.??.??"]
[EventType "tourn (corr)"]
[EventRounds "8"]
[SourceTitle "Corr 2022"]
[Source "ChessBase"]
[SourceDate "2021.10.24"]
[SourceVersion "1"]
[SourceVersionDate "2021.10.24"]
[SourceQuality "1"]

1. e4 e5 2. Nf3 Nf6 3. Nxe5 d6 4. Nf3 Nxe4 5. d4 d5 6. Bd3 Nc6 7. 0-0 Be7 8. c4 Nb4 9. Be2 0-0 10. a3 Nc6 11. cxd5 Qxd5 12. Nc3 Nxc3 13. bxc3 Bf5 14. Bf4 Bd6 15. c4 Qe4 16. Be3 Rad8 17. Ra2 b6 18. Re1 Na5 19. Rd2 Qb7 20. c5 Be7 21. Bf4 Bf6 22. Ne5 Be6 23. Bf3 Bd5 24. c6 Nxc6 25. Bxd5 Rxd5 26. Ng4 Bxd4 27. Qf3 Nd8 28. Nh6+ Kh8 29. Bxc7 Rd7 30. Qxb7 Nxb7 31. Be5 Re7 32. Nxf7+ Rfxf7 33. Rxd4 Kg8 34. f3 Rd7 35. Red1 Rxd4 36. Rxd4 Re7 37. Bg3 1/2-1/2

[Event "FICGS W-ch st1 g04 email"]
[Site "FICGS email"]
[Date "2018.11.01"]
[Round "1"]
[White "Vasquez, Fernando Jose Pinto"]
[Black "Gossmann, Ewald J"]
[Result "1/2-1/2"]
[WhiteElo "1941"]
[BlackElo "2122"]
[PlyCount "102"]
[EventDate "2018.??.??"]
[EventType "tourn (corr)"]
[EventRounds "8"]
[SourceTitle "Corr 2022"]
[Source "ChessBase"]
[SourceDate "2021.10.24"]
[SourceVersion "1"]
[SourceVersionDate "2021.10.24"]
[SourceQuality "1"]

1. e4 c5 2. c3 Nf6 3. e5 Nd5 4. Nf3 d6 5. d4 cxd4 6. cxd4 Nc6 7. Bc4 Nb6 8. Bb5 dxe5 9. Nxe5 Bd7 10. Nxd7 Qxd7 11. 0-0 e6 12. Nc3 Rd8 13. Be3 a6 14. Bxc6 Qxc6 15. Rc1 Nd5 16. Bg5 f6 17. Be3 Bd6 18. Qh5+ g6 19. Qh3 Kf7 20. Ne4 Qd7 21. a3 h5 22. Qf3 Be7 23. Rfe1 Rc8 24. Rcd1 Rhe8 25. h3 Rc4 26. b3 Rcc8 27. Nc5 Qc6 28. Nd3 Qc2 29. b4 Rc3 30. Bc1 Qb3 31. Rd2 Nf4 32. Qxf4 Rxd3 33. Qh6 Rg8 34. Rde2 Bd6 35. Bd2 b6 36. Rxe6 Qxe6 37. Rxe6 Kxe6 38. g4 hxg4 39. hxg4 Kf7 40. Be3 Rxa3 41. g5 f5 42. Qh7+ Rg7 43. Qh6 f4 44. Bxf4 Bxf4 45. Qh4 Bd6 46. Qe4 a5 47. Qd5+ Ke7 48. Qb7+ Kf8 49. Qa8+ Kf7 50. Qd5+ Ke7 51. Qb7+ Kf8 1/2-1/2

[Event "FICGS rapid A 000223 email"]
[Site "FICGS email"]
[Date "2018.09.26"]
[Round "1"]
[White "Tambe, Rod"]
[Black "Vasquez, Fernando Jose Pinto"]
[Result "1-0"]
[WhiteElo "2083"]
[BlackElo "1951"]
[PlyCount "79"]
[EventDate "2018.??.??"]
[EventType "tourn (rapid)"]
[EventRounds "6"]
[SourceTitle "Corr 2022"]
[Source "ChessBase"]
[SourceDate "2021.10.24"]
[SourceVersion "1"]
[SourceVersionDate "2021.10.24"]
[SourceQuality "1"]

1. c4 e5 2. g3 Nf6 3. Bg2 Bc5 4. Nc3 Nc6 5. d3 d6 6. e3 0-0 7. Nge2 Bf5 8. a3 a5 9. h3 h6 10. 0-0 Bb6 11. Kh2 Re8 12. b3 Qc8 13. Bb2 Ne7 14. Qd2 c6 15. e4 Bh7 16. f4 Qd7 17. Rad1 Ng6 18. d4 exf4 19. gxf4 a4 20. b4 Nh4 21. Ng3 Red8 22. Bh1 Bc7 23. d5 Qe7 24. f5 Nd7 25. Nce2 Qg5 26. Nf4 Ne5 27. Ngh5 g6 28. Qf2 Qe7 29. f6 Qd7 30. Qxh4 Kh8 31. Ng7 h5 32. Nge6 cxd5 33. exd5 Rg8 34. Qg5 Bd8 35. c5 Qb5 36. Be4 Qc4 37. Rde1 Qa2 38. Re2 Qc4 39. cxd6 Bb6 40. Qh6 1-0